banner-ar

IMMOBILIGED BIOSYSTEMS: THEROY AND PRACTICAL APPLICATIONS / (Record no. 24271)

MARC details
000 -الفاتح
حقل البيانات ثابتة الطول 00605nam a2200205Ia 4500
008 - عناصر البيانات ثابتة الطول - معلومات عامة
حقل البيانات ثابتة الطول 140319s9999 xx 000 0 eng d
040 ## - مصدر الفهرسة
وكالة الفهرسة الأصلية GCL /
وكالة النسخ GCL
082 04 - رقم تصنيف ديوى العشرى
رقم التصنيف 660.6
رقم المادة V I
100 1# - المدخل الرئيسى - إسم شخصى
الإسم الشخصى VELIKY, IVAN A.
245 10 - بيان العنوان
العنوان IMMOBILIGED BIOSYSTEMS: THEROY AND PRACTICAL APPLICATIONS /
بيان المسئوليه,etc VELIKY, IVAN A.
700 1# - المدخل الاضافى - اسم شخصى
الإسم الشخصى MCLEAN, ROBERT J. C
260 ## - PUBLICATION, DISTRIBUTION, ETC. (IMPRINT)
تاريخ النشر أو التوزيع 1994
300 ## - الوصف المادى
التعداد 342 P
650 04 - المدخل الاضافى بالموضوع-مصطلح موضوعى
مصطلح موضوعي IMMOBILIGED CELLS
650 04 - المدخل الاضافى بالموضوع-مصطلح موضوعى
مصطلح موضوعي IMMOBILIGED PROTEINS
650 04 - المدخل الاضافى بالموضوع-مصطلح موضوعى
مصطلح موضوعي IMMOBILIGED ENGYMES
650 04 - المدخل الاضافى بالموضوع-مصطلح موضوعى
مصطلح موضوعي IMMOBILIGED MICROORYANISMS
942 ## - عناصر المدخل الإضافي( كوها)
مصدر التصنيف او مخطط الترفيف Dewey Decimal Classification
Koha [default] item type كتاب
260 ## - PUBLICATION, DISTRIBUTION, ETC. (IMPRINT)
-- [S.N] :
-- BLACKIE ACADEMIC & PROFESSIONAL ،
Holdings
حالة التراجع حالة الفقد حالة تلف ليس للاعارة المكان المؤقت الموقع الحالى تاريخ الاكتساب اجمالي اﻻعارات رقم الطلب الباركود تاريخ اخر مشاهدة تاريخ تفعيل السعر نوع وعاء كوها
        مكتبة القاهرة الكبرى مكتبة القاهرة الكبرى 03/26/2014   660.6\V I 43131 03/26/2014 03/26/2014 كتاب

Powered By

EGPV